[Event "Novokuznetsk SFO-ch U17"]
[Site "Novokuznetsk"]
[Date "2014.11.06"]
[Round "5"]
[White "Popov, Anton"]
[Black "Dorzhiev, Amarsana"]
[Result "0-1"]
[WhiteElo "1747"]
[BlackElo "700"]
[PlyCount "106"]
[EventDate "2014.11.02"]
[EventType "swiss"]
[EventRounds "9"]
[EventCountry "RUS"]
[SourceTitle "CBM 163 Extra"]
[Source "ChessBase"]
[SourceDate "2014.12.23"]
[SourceVersion "1"]
[SourceVersionDate "2014.12.23"]
[SourceQuality "1"]

1. e4 e5 2. Nf3 Nc6 3. Bb5 Bc5 4. Nxe5 Qg5 5. Nxc6 Qxg2 6. Rf1 Qxe4+ 7. Qe2 Qxe2+ 8. Bxe2 dxc6 9. c3 Nf6 10. d4 Bd6 11. f4 0-0 12. Nd2 Re8 13. Kd1 Nd5 14. Nc4 b5 15. Nxd6 cxd6 16. Bf3 Bd7 17. Bxd5 cxd5 18. Bd2 Bg4+ 19. Kc2 Bf5+ 20. Kd1 Rac8 21. Re1 Rxe1+ 22. Kxe1 Re8+ 23. Kf2 Be4 24. Re1 Re6 25. Re3 Rg6 26. Rg3 Rh6 27. h3 Rg6 28. Rxg6 Bxg6 29. b4 Be4 30. Kg3 Bf5 31. h4 h6 32. Kf3 Kh7 33. Kg3 Kg6 34. Bc1 f6 35. Bd2 Kh5 36. Bc1 g5 37. fxg5 fxg5 38. hxg5 hxg5 39. Bd2 Be4 40. Bc1 g4 41. Bf4 Bf3 42. Bxd6 Kg5 43. Bb8 a6 44. Bf4+ Kf5 45. Bd2 Ke4 46. Kf2 Kd3 47. Be1 Be4 48. Kg1 Ke2 49. Bg3 Kd2 50. Bd6 Kxc3 51. Bc5 g3 52. Kf1 g2+ 53. Kf2 Kb2 0-1

[Event "Novokuznetsk SFO-ch U17"]
[Site "Novokuznetsk"]
[Date "2014.11.04"]
[Round "3"]
[White "Dorzhiev, Amarsana"]
[Black "Kuklin, Ilya"]
[Result "0-1"]
[WhiteElo "700"]
[BlackElo "1802"]
[PlyCount "114"]
[EventDate "2014.11.02"]
[EventType "swiss"]
[EventRounds "9"]
[EventCountry "RUS"]
[SourceTitle "CBM 163 Extra"]
[Source "ChessBase"]
[SourceDate "2014.12.23"]
[SourceVersion "1"]
[SourceVersionDate "2014.12.23"]
[SourceQuality "1"]

1. e4 c5 2. Nf3 e6 3. Nc3 a6 4. g3 Qc7 5. d3 Nc6 6. a3 g6 7. Bf4 d6 8. Bg2 Bg7 9. 0-0 h6 10. Rb1 g5 11. Be3 Nge7 12. d4 cxd4 13. Nxd4 Bd7 14. Qd2 Ne5 15. Rfd1 Nc4 16. Qd3 Nxe3 17. Qxe3 Nc6 18. Nxc6 bxc6 19. Qd2 d5 20. exd5 cxd5 21. Re1 0-0 22. Ne2 Rac8 23. c3 Rfd8 24. Rbc1 Qb6 25. Rb1 Bb5 26. Nd4 Bxd4 27. Qxd4 Qxd4 28. cxd4 Rc4 29. Red1 Rdc8 30. Bf1 Rc2 31. Bxb5 axb5 32. Kf1 Kg7 33. Ke1 Kf6 34. Rd2 Kf5 35. Ke2 Rxd2+ 36. Kxd2 Ke4 37. Re1+ Kxd4 38. Re3 Rc6 39. Rd3+ Ke5 40. b3 d4 41. Ke2 Rc2+ 42. Rd2 Rxd2+ 43. Kxd2 Kd5 44. Kd3 e5 45. f3 f5 46. h3 e4+ 47. fxe4+ fxe4+ 48. Ke2 h5 49. Kd2 h4 50. g4 Ke5 51. Ke2 Kf4 52. Ke1 Ke3 53. a4 d3 54. Kd1 d2 55. axb5 Kd3 56. b6 e3 57. b7 e2# 0-1

[Event "Novokuznetsk SFO-ch U17"]
[Site "Novokuznetsk"]
[Date "2014.11.03"]
[Round "2"]
[White "Radionov, Timur"]
[Black "Dorzhiev, Amarsana"]
[Result "1-0"]
[WhiteElo "1913"]
[BlackElo "700"]
[PlyCount "47"]
[EventDate "2014.11.02"]
[EventType "swiss"]
[EventRounds "9"]
[EventCountry "RUS"]
[SourceTitle "CBM 163 Extra"]
[Source "ChessBase"]
[SourceDate "2014.12.23"]
[SourceVersion "1"]
[SourceVersionDate "2014.12.23"]
[SourceQuality "1"]

1. e4 e5 2. Nf3 Nc6 3. d4 exd4 4. Bc4 Bd6 5. 0-0 Nge7 6. Ng5 Ne5 7. Bb3 h6 8. f4 hxg5 9. fxe5 Bxe5 10. Bxf7+ Kf8 11. g3 Bf6 12. e5 Kxf7 13. exf6 gxf6 14. Bxg5 Ng8 15. Qxd4 c6 16. Nc3 d5 17. Ne4 Bh3 18. Bxf6 Nxf6 19. Rxf6+ Ke8 20. Re1 Qb6 21. Nc5+ Kd8 22. Rd6+ Kc7 23. Qg7+ Kxd6 24. Qe7# 1-0